| 000 | 00588nam 22001813 4500 | ||
|---|---|---|---|
| 001 | 202442 | ||
| 090 | _a202442 | ||
| 100 | _a20250918d u||y0pory50 ba | ||
| 101 | _apor | ||
| 102 | _aPT | ||
| 200 |
_aManoel de Oliveira _fAlmeida Faria _efilmare la parola |
||
| 300 | _aSeparata em Literatura Portuguesa em Língua Italiana | ||
| 461 |
_tEstratto di «Estudos Italianos em Portugal» nº 51/52/53 -1988/89/90 _h[73] - 86 p. |
||
| 606 |
_93661 _aCrítica Literária.Estudos Literários |
||
| 700 |
_91040 _aFaria _bAlmeida _f1943- |
||
| 801 |
_aPT _bBMMN _gRPC |
||
| 990 | _cARTIGOS | ||